Mocenská elita
Gespeichert in:
| 1. Verfasser: | |
|---|---|
| Format: | Buch |
| Sprache: | Tschechisch |
| Veröffentlicht: |
Praha
ORBIS
1966
|
| Schriftenreihe: | Malá moderní encyklopedie
s. 53 |
| Tags: |
Keine Tags, Fügen Sie das erste Tag hinzu!
|
MARC
| LEADER | 00000nam a2200000 4500 | ||
|---|---|---|---|
| 001 | c111229 | ||
| 005 | 20221207103533.3 | ||
| 041 | 0 | |a cze | |
| 044 | |a CZ | ||
| 245 | 1 | 0 | |a Mocenská elita |c Charles Wright Mills |
| 264 | 1 | |a Praha |b ORBIS |c 1966 | |
| 300 | |a 500 s. | ||
| 490 | 1 | |a Malá moderní encyklopedie |v s. 53 | |
| 830 | 0 | |a Malá moderní encyklopedie |v s. 53 | |
| 100 | 1 | |a Mills, Charles Wright | |